| 000 | 00544nam a2200181 i 4500 | ||
|---|---|---|---|
| 001 | 39101 | ||
| 003 | ES-MaACL | ||
| 005 | 20230906155906.0 | ||
| 007 | t| | ||
| 008 | 030227s1968 sp ||||1| spa d | ||
| 100 | 1 |
_aCamps, Victoria. _934320 |
|
| 245 | 1 | 4 |
_aLos teólogos de la muerte de Dios / _cVictoria Camps ; epílogo de Alfonso Alvarez Bolado. |
| 250 | _a[1ª ed.]. | ||
| 260 |
_aBarcelona : _bNova Terra, _c[1968] |
||
| 300 |
_a157 p. ; _c22 cm. |
||
| 700 | 1 |
_aÁlvarez Bolado, Alfonso. _920708 |
|
| 852 |
_aES-MaACL _jC-35001 _bR.67445 |
||
| 999 |
_c39101 _d39101 |
||